Normal view
MARC view
- Rustagi, P
Entry Personal Name
001 - CONTROL NUMBER
- control field: 6407
003 - CONTROL NUMBER IDENTIFIER
- control field: OSt
005 - DATE AND TIME OF LATEST TRANSACTION
- control field: 20180217133223.0
008 - FIXED-LENGTH DATA ELEMENTS
- fixed length control field: 180217|| aca||aabn | a|a d
040 ## - CATALOGING SOURCE
- Original cataloging agency: OSt
- Transcribing agency: OSt
100 ## - HEADING--PERSONAL NAME
- Personal name: Rustagi, P
670 ## - SOURCE DATA FOUND
- Source citation: Work cat.: (OSt): Rustagi, P, Learnwell social science -III, 2013